| 000 | 00701nam a2200229 i 4500 | ||
|---|---|---|---|
| 005 | 20221220143710.0 | ||
| 008 | 221019s2012 my e 000 f may d | ||
| 020 |
_a9789831248010 _cRM0.00 _qpaperback |
||
| 040 |
_aPPAK _beng _cPPAK _erda |
||
| 082 | 0 | 4 |
_223 _a899.2333 |
| 090 | 0 | 0 |
_a899.2333 _bROZ _dG |
| 100 | 0 |
_aRozita Abd. Wahab _eauthor. |
|
| 245 | 1 | 0 |
_aSetelah Hati Dimiliki / _cROZITA ABD. WAHAB. |
| 264 | 1 |
_aShah Alam, Selangor : _bGRUP BUKU KARANGKRAF SDN. BHD, _c2012 |
|
| 300 |
_a543 pages : _c18 cm |
||
| 336 |
_atext _2rdacontent |
||
| 337 |
_aunmediated _2rdamedia |
||
| 338 |
_avolume _2rdacarrier |
||
| 650 | 1 | 0 | _aMalaysian fiction (Malay) |
| 650 | 2 | 0 | _aMalay fiction |
| 942 |
_2ddc _cB |
||
| 999 |
_c189427 _d189427 |
||